| 000 | 01014nam a2200301 a 4500 | ||
|---|---|---|---|
| 001 | 000043182 | ||
| 003 | DO-SdBNP | ||
| 005 | 20260317133558.0 | ||
| 008 | 100906s1973 sp r 000 e spa d | ||
| 020 | _a8429708642 | ||
| 040 |
_aDO-SdBNP _bspa _cBNPHU |
||
| 082 | 4 |
_a306 _bG747c, 1977 _222 |
|
| 100 | 1 |
_aGramsci, Antonio, _d1891-1937. _95232 |
|
| 240 | 1 | 0 |
_aQuaderni del carcere. _lEspañol. |
| 245 | 1 | 0 |
_aCultura y literatura / _cAntonio Gramsci ; selección, traducción y prólogo de Jordi Solé-Tura. |
| 250 | _a3a ed. | ||
| 260 |
_aBarcelona : _bPenínsula, _c1973. |
||
| 300 |
_a356 p. ; _c19 cm. |
||
| 490 | 1 |
_aEdiciones de bolsillo _aliteratura _v274 |
|
| 500 | _aIncluye referencias bibliografica y notas al pie páginas. | ||
| 650 | 0 |
_aCultura _989224 |
|
| 650 | 0 |
_aLiteratura _93439 |
|
| 650 | 0 |
_aVida intelectual _9333 |
|
| 700 | 1 | 2 |
_aSolé-Tura, J. _etr. _944601 |
| 830 | 0 |
_aEdiciones de bolsillo ; _pliteratura _n274 _970772 |
|
| 910 | _aValidado. Control de calidad MFF | ||
| 942 |
_2ddc _cLBS1 |
||
| 999 |
_c42671 _d42671 |
||